Středověké nástěnné malby v Praze : kapitoly /

Hlavní autor: Dienstbier, Jan, 1980-
Další autoři: Fiřt, Jan, Kypta, Jan, 1979-, Mudra, Aleš, 1976-, Musílek, Martin, 1980-, Patrný, Michal, 1967-, Pokorný, Adam, 1979-, Rykl, Michael, 1967-, Skalický, Petr, Mikulcová, Anežka, 1992-
Jazyk: Čeština
Vydáno: Praha : Národní památkový ústav, 2023
Vydání: 1. vydání
Témata:
Fyzický popis: 255 stran : barevné ilustrace, plány, faksimile ; 28 cm
Language note: Anglické resumé
Knihy
Uloženo v:
LEADER 03235nam a2200781 i 4500
001 nkc20243583315
003 CZ PrNK
005 20250916094109.0
007 ta
008 240216s2023 xr aeh f 001 0 cze
015 |a cnb003583315 
020 |a 978-80-7480-191-4  |q (vázáno) 
035 |a (OCoLC)1429249990 
040 |a ABA001  |b cze  |e rda 
041 0 |a cze  |b eng 
043 |a e-xr---  |b e-xr-pg  |2 czenas 
045 |a p-t- 
072 7 |a 75  |x Malířství  |2 Konspekt  |9 21 
080 |a 75(437.3)  |2 MRF 
080 |a 75.033  |2 MRF 
080 |a 75.052  |2 MRF 
080 |a 7.011:316.72/.75  |2 MRF 
080 |a 75.02  |2 MRF 
080 |a 7.025.3/.4  |2 MRF 
080 |a (437.311)  |2 MRF 
080 |a (048.8:082)  |2 MRF 
100 1 |a Dienstbier, Jan,  |d 1980-  |7 xx0264264  |4 aut 
245 1 0 |a Středověké nástěnné malby v Praze :  |b kapitoly /  |c eds. Petr Skalický, Jan Fiřt, Anežka Mikulcová ; autoři Jan Dienstbier, Jan Fiřt, Jan Kypta, Aleš Mudra, Martin Musílek, Michal Patrný, Adam Pokorný, Michael Rykl, Petr Skalický 
250 |a 1. vydání 
264 1 |a Praha :  |b Národní památkový ústav,  |c 2023 
300 |a 255 stran :  |b barevné ilustrace, plány, faksimile ;  |c 28 cm 
336 |a text  |b txt  |2 rdacontent 
336 |a statický obraz  |b sti  |2 rdacontent 
337 |a bez média  |b n  |2 rdamedia 
338 |a svazek  |b nc  |2 rdacarrier 
504 |a Obsahuje bibliografii, bibliografické odkazy a rejstřík 
546 |a Anglické resumé 
648 7 |a 12.-16. století  |7 ch757068  |2 czenas 
650 0 7 |a české malířství  |7 ph116864  |y 12.-16. století  |2 czenas 
650 0 7 |a středověké malířství  |7 ph115810  |z Česko  |2 czenas 
650 0 7 |a nástěnná malba  |7 ph115508  |z Česko  |y 12.-16. století  |2 czenas 
650 0 7 |a umění a společnost  |7 ph126924  |z Česko  |y 12.-16. století  |2 czenas 
650 0 7 |a malířské techniky  |7 ph115215  |z Česko  |y 12.-16. století  |2 czenas 
650 0 7 |a restaurování uměleckých děl  |7 ph976642  |2 czenas 
650 0 9 |a Czech painting  |y 12th-16th centuries  |2 eczenas 
650 0 9 |a medieval painting  |z Czechia  |2 eczenas 
650 0 9 |a mural painting  |z Czechia  |y 12th-16th centuries  |2 eczenas 
650 0 9 |a art and society  |z Czechia  |y 12th-16th centuries  |2 eczenas 
650 0 9 |a painting techniques  |z Czechia  |y 12th-16th centuries  |2 eczenas 
650 0 9 |a art restoration  |2 eczenas 
651 7 |a Praha (Česko)  |7 ge118011  |2 czenas 
651 9 |a Prague (Czechia)  |2 eczenas 
655 7 |a kolektivní monografie  |7 fd501537  |2 czenas 
655 9 |a collective monographs  |2 eczenas 
700 1 |a Fiřt, Jan  |7 xx0321132  |4 aut  |4 edt 
700 1 |a Kypta, Jan,  |d 1979-  |7 js20051121004  |4 aut 
700 1 |a Mudra, Aleš,  |d 1976-  |7 mzk2005299297  |4 aut 
700 1 |a Musílek, Martin,  |d 1980-  |7 jo2013782948  |4 aut 
700 1 |a Patrný, Michal,  |d 1967-  |7 xx0032143  |4 aut 
700 1 |a Pokorný, Adam,  |d 1979-  |7 xx0169420  |4 aut 
700 1 |a Rykl, Michael,  |d 1967-  |7 ntka173907  |4 aut 
700 1 |a Skalický, Petr  |7 mzk20231197265  |4 aut  |4 edt 
700 1 |a Mikulcová, Anežka,  |d 1992-  |7 xx0282623  |4 edt 
910 2 |a BOA001  |b 3-1520.584 
990 |a BK 
995 |a 01 
991 |b 202403  |c NOV 
996 6 |b 2610962695  |c 3-1520.584  |l MZK  |r Sklad / do 1 hodiny  |n 1  |p p.v.  |w 001956057  |u 000010  |a 1  |e BOA001  |j MZK50  |s P